000 00228nam a2200097Ia 4500
008 170619s9999 xx 000 0 und d
100 _aSingh- Deepak
245 0 _aKPH Solution bank ; Workshop
260 _bKanpur : KPH
260 _c2004
546 _aENGLISH
999 _c17296
_d17296